Assessing DHS's Performance : Watchdog Recommendations To Improve Homeland Security.

Bibliographic Details
Corporate Author: United States. Congress. House. Committee on Homeland Security. Subcommittee on Oversight and Management Efficiency
Format: Government Document eBook
Language:English
Published: Bethesda, Md. : ProQuest, 2015.
Subjects:
Online Access:Electronic resource (PDF)

MARC

Tag First Indicator Second Indicator Subfields
LEADER 00000cam a22000001a 4500
001 in00004152607
005 20200117100441.0
006 m d f
007 cr bn mmmapmmp
008 150924s2015 mdu o f000 0 eng d
035 |a chdc20150705 
040 |a UMI  |c UMI  |d UtOrBLW 
043 |a n-us--- 
086 0 |a Y 4.H 75:114-5 
110 1 |a United States.  |b Congress.  |b House.  |b Committee on Homeland Security.  |b Subcommittee on Oversight and Management Efficiency.  |0 http://id.loc.gov/authorities/names/no2013035497 
245 1 2 |a Assessing DHS's Performance :  |b Watchdog Recommendations To Improve Homeland Security. 
264 1 |a Bethesda, Md. :  |b ProQuest,  |c 2015. 
300 |a 55 pages, digital, PDF file. 
336 |a text  |b txt  |2 rdacontent 
337 |a computer  |b c  |2 rdamedia 
338 |a online resource  |b cr  |2 rdacarrier 
500 |a Record is based on bibliographic data in ProQuest U.S. Congressional Hearings Digital Collection. Reuse except for individual research requires license from ProQuest, LLC. 
500 |a Electronic resource. 
533 |a Electronic reproduction.  |b [Bethesda, Md.] :  |c ProQuest,  |d 2015.  |e digital, PDF file.  |n ProQuest Congressional Hearings Digital Collection.  |n Mode of access: World Wide Web via ProQuest website. 
538 |a System requirements: PDF reader software. 
610 1 0 |a United States.  |b Department of Homeland Security.  |0 http://id.loc.gov/authorities/names/no2002051730 
650 0 |a Executive departments  |z United States  |x Management.  |0 http://id.loc.gov/authorities/subjects/sh85140046 
650 0 |a Waste in government spending  |z United States.  |0 http://id.loc.gov/authorities/subjects/sh2008113372 
776 0 8 |i Microfiche version:   |a United States. Congress. House. Committee on Homeland Security. Subcommittee on Oversight and Management Efficiency.  |t Assessing DHS's Performance  |o CIS 2015 H411-24  |w cis20152232 
856 4 0 |u http://proxy.library.tamu.edu/login?url=http://search.proquest.com/congcomp/getdoc?HEARING-ID=HRG-2015-HSC-0007  |y Electronic resource (PDF)  |z CIS 2015-H411-24  |t 0 
998 |a cis20152232 
999 f f |s 3b00c1c4-df9e-3a37-997c-4facde0b39cc  |i b08b871b-9f8b-34d2-b900-9858d4efc9d7  |t 0 
952 f f |a Texas A&M University  |b College Station  |c Electronic Resources  |d Available Online  |t 0  |e Y 4.H 75:114-5  |h Superintendent of Documents classification 
998 f f |a Y 4.H 75:114-5  |t 0  |l Available Online